Expectativas de inflación en Costa Rica /

Збережено в:
Бібліографічні деталі
Автор: Alfaro Ureña, Alonso
Інші автори: Monge Badilla, Carlos
Формат: Текст
Теги: Додати тег
Немає тегів, Будьте першим, хто поставить тег для цього запису!

MARC

LEADER 00000 a a2200000 04500
001 47433
003
040
100 |a Alfaro Ureña, Alonso  
245 |a Expectativas de inflación en Costa Rica /  |c Alonso Alfaro Ureña, Carlos Monge Badilla  
700 |a Monge Badilla, Carlos  
773 |g volumen32, número1, (2014), páginas 85-116 : tablas, gráficos  
999 |c 31628  |d 31628